L'image de la Hongrie dans la presse en France, 1837-1847
Elmentve itt :
| Szerző: | |
|---|---|
| Dokumentumtípus: | Könyv része |
| Megjelent: |
2016
|
| Sorozat: | Cahiers du centre universitaire Francophone
6 Réformes ou révolution ? L’image de la Hongrie d’avant 1848 au miroir de la presse française 6 |
| Kulcsszavak: | Magyarország története - 1830-1840-es évek, Sajtótörténet - Franciaország - 19. sz., Közvélemény - francia - Magyarországról - 19. sz. |
| Tárgyszavak: | |
| Online Access: | http://acta.bibl.u-szeged.hu/63665 |
| LEADER | 01002naa a2200229 i 4500 | ||
|---|---|---|---|
| 001 | acta63665 | ||
| 005 | 20211207070850.0 | ||
| 008 | 200122s2016 hu o 0|| fre d | ||
| 020 | |a 978-963-306-543-3 | ||
| 022 | |a 2498-5120 | ||
| 040 | |a SZTE Egyetemi Kiadványok Repozitórium |b hun | ||
| 041 | |a fre | ||
| 100 | 1 | |a Szász Géza | |
| 245 | 1 | 0 | |a L'image de la Hongrie dans la presse en France, 1837-1847 |h [elektronikus dokumentum] / |c Szász Géza |
| 260 | |c 2016 | ||
| 300 | |a 15-23 | ||
| 490 | 0 | |a Cahiers du centre universitaire Francophone |v 6 | |
| 490 | 0 | |a Réformes ou révolution ? L’image de la Hongrie d’avant 1848 au miroir de la presse française |v 6 | |
| 650 | 4 | |a Bölcsészettudományok | |
| 650 | 4 | |a Történettudomány és régészet | |
| 695 | |a Magyarország története - 1830-1840-es évek, Sajtótörténet - Franciaország - 19. sz., Közvélemény - francia - Magyarországról - 19. sz. | ||
| 856 | 4 | 0 | |u http://acta.bibl.u-szeged.hu/63665/1/006_francophone_015-023.pdf |z Dokumentum-elérés |